000 00292nam a2200121Ia 4500
008 241002s9999 xx 000 0 und d
082 _a355.022 TOY
100 _aToynbee, Arnold J.
245 0 _aWar and civilizations
260 _aNew York:
_c1950
600 _aSocial Sciences
942 _cUC
999 _c18893
_d18893